Atlas de técnica quirúrgica / (Record no. 75541)

MARC details
000 -LEADER
campo de control de longitud fija 00666nam a2200205 i 4500
001 - NÚMERO DE CONTROL
campo de control 75541
003 - IDENTIFICADOR DE NÚMERO DE CONTROL
campo de control ES-MaACL
005 - FECHA Y HORA DE LA ÚLTIMA TRANSACCIÓN
campo de control 20230906172511.0
007 - CAMPO FIJO DE DESCRIPCIÓN FÍSICA--INFORMACIÓN GENERAL
campo de control de longitud fija t|
008 - DATOS DE LONGITUD FIJA--INFORMACIÓN GENERAL
campo de control de longitud fija 040924s1964 sp ||||1| spa d
100 1# - ENTRADA PRINCIPAL--NOMBRE DE PERSONA
Nombre de persona Grewe, Horst-Eberhard.
9 (RLIN) 59964
245 10 - MENCIÓN DEL TÍTULO
Título Atlas de técnica quirúrgica /
Mención de responsabilidad, etc. H. E. Grewe, Karl Kremer ; traducido por C. E. Torner Baduell.
250 ## - MENCION DE EDICION
Mención de edición [1ª ed.].
260 ## - PUBLICACIÓN, DISTRIBUCIÓN, ETC.
Lugar de publicación, distribución, etc. Barcelona :
Nombre del editor, distribuidor, etc. Salvat,
Fecha de publicación, distribución, etc. [1964]
300 ## - DESCRIPCIÓN FÍSICA
Extensión 2 v. :
Otras características físicas principalmente lám. ;
Dimensiones 28 cm.
700 1# - ENTRADA AGREGADA--NOMBRE PERSONAL
Nombre de persona Kremer, Karl.
9 (RLIN) 68806
700 1# - ENTRADA AGREGADA--NOMBRE PERSONAL
Nombre de persona Torner Baduell, Carlos-Enrique.
9 (RLIN) 150227
852 ## - LOCALIZACIÓN
Ubicación ES-MaACL
Número de control de estantería C-27521-2
Sublocalización o colección R.56292
852 ## - LOCALIZACIÓN
Ubicación ES-MaACL
Número de control de estantería C-26837-8
Sublocalización o colección R.55907
Holdings
Estatus retirado Estado de pérdida Estado de daño No para préstamo Biblioteca de origen Biblioteca actual Ubicación en estantería Fecha de adquisición Fuente de adquisición Total de préstamos Signatura topográfica completa Código de barras Visto por última vez Precio de reemplazo Tipo de ítem Koha
        Biblioteca del Ateneo de Madrid Biblioteca del Ateneo de Madrid Depósito 2 17/01/2008     C-26837-8 1079068 23/02/2023 23/02/2023 Libro impreso
        Biblioteca del Ateneo de Madrid Biblioteca del Ateneo de Madrid Depósito 2 17/01/2008     C-27521-2 1079067 23/02/2023 23/02/2023 Libro impreso